| 000 | 00333nam a22001337a 4500 | ||
|---|---|---|---|
| 008 | 151015b xxu||||| |||| 00| 0 eng d | ||
| 020 | _a0072864877 | ||
| 080 | _a658 | ||
| 245 | 0 |
_aManaging the successful sales force _cjames m.comer alan j.dubinsky |
|
| 260 | _c1985 | ||
| 300 |
_a145 _bme il |
||
| 650 | 0 | _amenaxhim | |
| 942 |
_2ddc _cBK |
||
| 999 |
_c1286 _d1286 |
||